00773nam a2200241Ia 4500003000900000008004100009040001300050040001300063041000800076100002100084100000900105245011400114250000900228260001400237260000900251300001100260300001000271490000600281600002600287942000700313999001700320952019400337IT-RoPAU120407s9999 xx 000 0 und d aIT-RoPAU cIT-RoPAU aita aFernando Bortone cs.j. aP. Matteo Ricci, s.j. Il “saggio d’occidente”. Un grande italiano nella Cina impenetrabile. (1552-1610) aRoma aDesclée c1965 a483 p. c25 cm v1 a1.Ricci, Matteo, s.j. cBK c35110d35110 00102ddc406922_00000000000000071aPAULUSbPAULUSd2012-04-11l0o922.0r2012-04-11 00:00:00w2012-04-11yBKzInserito da: Jole In data: 11 luglio 2011 fondo: Via A.Severo 56 Progr:28137